Understanding Sustainability Principles and ESG Policies A Multidisciplinary Approach to Public and Corporate Responses to Climate Change
Salvato in:
| Autore principale: | |
|---|---|
| Natura: | Libro |
| Lingua: | inglese |
| Pubblicazione: |
Cham
Palgrave Macmillan
2023
|
| Soggetti: | |
| Tags: |
Nessun Tag, puoi essere il primo ad aggiungerne!!
|
MARC
| LEADER | 00000nam a2200000 4500 | ||
|---|---|---|---|
| 001 | 0300300 | ||
| 005 | 20241031102211.7 | ||
| 020 | |a 978-3-031-34482-4 | ||
| 041 | 0 | |a eng | |
| 044 | |a CH | ||
| 245 | 1 | 0 | |a Understanding Sustainability Principles and ESG Policies |b A Multidisciplinary Approach to Public and Corporate Responses to Climate Change |c Colin Read |
| 264 | 1 | |a Cham |b Palgrave Macmillan |c 2023 | |
| 300 | |a 481 s. | ||
| 610 | 2 | 0 | |a rozvoj trvalo udržateľný |
| 610 | 2 | 0 | |a environmentalistika |
| 610 | 2 | 0 | |a zodpovednosť podniku spoločenská |
| 610 | 2 | 0 | |a zmeny klimatické |
| 610 | 2 | 0 | |a financie |
| 610 | 2 | 0 | |a reťazce dodávateľsko-odberateľské |
| 610 | 2 | 0 | |a zdroje energie obnoviteľné |
| 610 | 2 | 0 | |a zdroje energie prírodné |
| 610 | 2 | 0 | |a správa verejná |
| 610 | 2 | 0 | |a politika verejná |
| 610 | 2 | 0 | |a ESG |
| 100 | 1 | |a Read, Colin | |